00921nam a2200181 a 450000100100000000500170001000800410002704000250006808200130009324500630010626000380016930000350020795201260024295201260036895201110049495201170060599900170072200003019720200930060126.0110504s2010 dr ac 000 0 spa d aDO-SdBNPbspacBNPHU axxxbI6100aINTEC :buna institución comprometida con el desarrollo. aSanto Domingo :bINTEC,c[2010?]. a20 p. :bil., retrs. ;c28 cm. 001054708DSaGRbGRcCTd2011-05-04iLF1l0oxxx I61p30197-30r2020-06-25te. 3w2020-06-25yLFDSZPréstamo en sala 001054708DSaGRbGRcCTd2011-06-29iLF1l0oxxx I61p30197-40r2020-06-25te. 4w2020-06-25yLFDSZPréstamo en sala 0010718PDaPDbPDcCTd2011-05-04iLF1l0oxxx I61p30197-10r2020-06-25w2020-06-25yLFPDZNo se presta 0010718PDaPDbPDcCTd2011-05-04iLF1l0oxxx I61p30197-20r2020-06-25te. 2w2020-06-25yLFPDZNo se presta c29689d29689